000 00684nac a22002171u 4500
010 _a 98134907
020 _a0750635525
035 _a(OCoLC)38871282
082 0 0 _a621.3
_bBIR
090 _c7998
_d7998
100 _aBird, J. O.
245 1 0 _aElectrical circuit theory and technology /
_cJ.O. Bird.
260 _aOxford ;
_aBoston, Mass. :
_bButterworth-Heinemann,c.1997.
_cc.1997.
300 _axvi, 939 p. :
_bill. ;
_c25 cm.
500 _aIncludes index.
500 _aDistributer: Al-Ahram.
511 _aCatalogued By: Mahitab.
650 0 _aElectric circuits.
650 0 _aElectric engineering.
942 _cBB
_k621.3BIR
999 _c7998
_d7998